00986nam a2200265 a 450000100100000000500170001000800410002702000150006804000250008304100390010808200130014710000300016024000400019024501100023026000600034030000210040049000100042153400610043150400320049270000370052483000160056104900090057795201170058699900170070300002500220200930023512.0110201s1986 ag r 000 0 spa d a9509432628 aDO-SdBNPbspacBNPHU17aspaheng2Código de idiomas MARC ann*bnn*1 aRossiter, Clinton.95131014aConservatism in America.lEspañol13aLa teoria política del conservadorismo norteamericano /cClinton Rossiter ; prefacio de George F. Will. aBuenos Aires :bGrupo Editorial Latinoamericano,c1986. a281 p. ;c23 cm.1 aTemas aTítulo original en inglés :tConservatism in America aBibliografía : 265-279 p.1 aWill, George F.,epról.951311 0aTemas99064 aBNGR 001054708MOaGRbGRcCTd2011-02-08iLF1l0onn* nn*p25002-10r2020-06-25w2020-06-25y4ZPréstamo en sala c24495d24495